| 000 | 00928nam a2200277 i 4500 | ||
|---|---|---|---|
| 001 | bg | ||
| 100 | 1 |
_aDomański, Piotr _c(pedagog). |
|
| 245 | 1 | 0 |
_aEnglish in science and technology : _bwybór terminów i zwrotów angielskich z nauk ścisłych i przyrodniczych / _cPiotr Domański. |
| 250 | _aWyd. 3. | ||
| 260 |
_aWarszawa : _bWydawnictwa Naukowo-Techniczne, _c2006. |
||
| 300 |
_a457, [1] s. : _bil. ; _c24 cm. |
||
| 504 | _aIndeksy. | ||
| 650 | 9 | _aJęzyk angielski | |
| 650 | 9 |
_aNauki przyrodnicze _xterminologia |
|
| 650 | 9 |
_aTechnika _xterminologia |
|
| 655 | _aPodręczniki akademickie | ||
| 015 | _aPB 9798/2006 | ||
| 020 | _a8320431913 | ||
| 040 | _cBPK | ||
| 041 | 0 | _aengpol | |
| 080 | _a811.111(075.8):5:62 | ||
| 920 | _a83-204-3191-3 | ||
| 942 | _cKS | ||
| 008 | s pl f |000 0 pol | ||
| 999 |
_c52317 _d52317 |
||
| 856 |
_uhttp://koha.tu.koszalin.pl/cgi-bin/koha/opac-detail.pl?biblionumber=52317 _yKatalog online BPK |
||